Les années internationales de l'ONU - Statistiques

Statistiques générales
  • Ce quiz a été pris 10 fois
  • Le résultat moyen est 19 sur 88
Statistiques - réponses
Année Indices Année mondiale/internationale % Correct
1985 Début de vie de la j{jeunesse}
63%
2010-2011 Enfants, adolescents de la J{Jeunesse}
63%
1974 Hommes - Peuple de la p{population}
63%
1970 Ecole - Formation - Nationale de l'E{Education}
63%
1985 ONU des N{Nations} U{Unies}
63%
2004 Céréale - Chine du r{riz}
63%
1975 XX - Mère de la f{femme}
50%
2002 Sommets de la m{montagne}
50%
1986 ≠ guerre de la P{Paix}
50%
1992 Cosmos de l'e{espace}
50%
1998 Grande mer de l'O{Océan}
50%
1999 Seniors des p{personnes} â{âgées}
50%
2022 Matière fragile et transparente du v{verre}
50%
1978-1979 Combat - Afrique-du-Sud - Différence pour la l{lutte} contre l'a{apartheid}
50%
2010 Diversité du vivant de la b{biodiversité}
38%
2021 ≠ guerre ≠ défiance de la P{Paix} et de la C{Confiance}
38%
2008 Tubercule de la p{pomme} de t{terre}
38%
2012 Solaire, éolienne... de l'é{énergie} d{durable}
38%
1979 Descendance - Humain de l'e{enfant}
38%
1968 1789 - Les hommes naissent... des D{Droits} {de} {l'} {homme}
38%
2016 Lentilles, haricots des l{légumineuses}
38%
1959-1960 Guerre - Emigrés - SDF des R{Réfugiés}
38%
2001 Souvent bénévole des V{Volontaires}
38%
1995 Mémoire - 1939-1945 du s{souvenir} des victimes de la S{Seconde} G{Guerre} m{mondiale}
38%
2005 Activité physique - enseignement du s{sport} et de l'é{éducation} p{physique}
38%
2019 Organisation - Mendeleïev du tableau p{périodique} des é{éléments} c{chimiques}
38%
1967 Voyage - Visites - Déplacements du T{Tourisme}
38%
2008 Egoûts... de l'a{assainissement}
25%
2009 Science - Astres de l'a{astronomie}
25%
2011 Science - constituants de la matière de la C{Chimie}
25%
2015 Rayonnement éclairant de la l{lumière} et des techniques utilisant la l{lumière}
25%
2001 Lutte contre différences de la mobilisation contre le r{racisme}, la d{discrimination} r{raciale}, la x{xénophobie} et l'intolérance qui y est associée
25%
2008 Earth de la p{planète} T{Terre}
25%
2003 H2O de l'e{eau} d{douce}
25%
2002 Voyage responsable de l'E{Ecotourisme}
25%
1971 Combat - Différences de l{lutte} contre le r{racisme} et la d{discrimination} r{raciale}
25%
2006 Sahara, Gobi... des d{déserts} et de la d{désertification}
25%
2011 Poumon vert des F{Forêts}
25%
2021 Adoptés par les végétariens des f{fruits} et des l{légumes}
25%
2021 Soignants et assistants des personnels de s{santé} et d'a{aide} à la p{personne}
25%
1981 Blessés - Invalides des p{personnes} h{handicapées}
25%
2009 Grand singe du g{gorille}
25%
2017 Visites responsables - Evolution du t{tourisme} d{durable} pour le d{développement}
25%
2007-2009 Zone froide p{polaire}
25%
2004 Asservissement - Combat de commémoration de la l{lutte} contre l'e{esclavage} et de son a{abolition}
13%
2009 Enseignement - 1789 - Les hommes naissent... de l'a{apprentissage} des d{droits} de l'h{homme}
13%
2022 Chasse aux poissons - Elevage de la p{pêche} et de l'a{aquaculture} artisanales
13%
2005 Science de la nature de la p{physique}
13%
1961 Maladies - Découvertes de la S{Santé} et de la R{Recherche} M{Médicale}
13%
2021 ≠ évolution non contrôlée de l'économie créative au service du d{développement} d{durable}
13%
2021 Suppression - Labeur - Jeunes de l'é{élimination} du t{travail} des e{enfants}
13%
2003 Bichkek de l'état K{Kirghize}
13%
1983 Transmissions des c{communications}
13%
2014 Iles - Progression des p{petits} é{états} i{insulaires} en d{développement}
13%
2015 Terres des s{sols}
13%
2022 Sommets du développement durable dans les r{régions} m{montagneuses}
13%
1995 Indulgence pour la T{Tolérance}
13%
1996 Eradication - ≠ richesse pour l'é{élimination} de la p{pauvreté}
13%
2002 Oeuvres - monuments - traditions pour le p{patrimoine} c{culturel}
13%
2000 Reconnaissance d'a{action} de g{grâce}
0%
2014 Culture - "tribu" de l'a{agriculture} f{familiale}
0%
1990 Lecture, écriture de l'a{alphabétisation}
0%
2013 Entraide - H2O de la c{coopération} dans le domaine de l'e{eau}
0%
1965 Entraide - Assistance de la C{Coopération} internationale
0%
2014 Etude structure - Atome de la c{cristallographie}
0%
2000 Education - ≠ guerre de la c{culture} de la p{paix}
0%
2019 Attitude raisonnable de la m{modération}
0%
2009 Harmonie de la r{réconciliation}
0%
2020 Verts de la santé des v{végétaux}
0%
2014 Soutien - Ramallah de la s{solidarité} avec le p{peuple} p{palestinien}
0%
1982 Rassemblement - Punitions - Pays de m{mobilisation} pour des s{sanctions} contre l'{Afrique-du-Sud}
0%
2024 Vaisseaux du désert des C{Camélidés}
0%
2012 Société égalitaire des c{coopératives}
0%
2009 Lin, coton... des f{fibres} n{naturelles}
0%
2010 Marins des g{gens} de m{mer}
0%
2008 Idiomes des l{langues}
0%
2019 Idiomes natifs des l{langues} a{autochtones}
0%
2011 Origine - Afrique des p{personnes} d'a{ascendance} a{africaine}
0%
1993 Indigènes - Planète des p{peuples} a{autochtones} du monde
0%
2020 Soignants des s{sage-femmes} et du personnel i{infirmier}
0%
2022 Disciplines essentielles des s{sciences} f{fondamentales} pour le développement durable
0%
1987 Maisons - SDF du L{Logement] et des s{sans-abri}
0%
2005 Petit emprunt du m{microcrédit}
0%
2023 Céréales africaine du M{Mil}
0%
2026 Bergers et sites du p{pastoralisme} et des p{pâturages}
0%
2012 Herbacée - Amérique du Q{quinoa}
0%
2010 ≠ éloignement - Savoir du r{rapprochement} des c{cultures}
0%
1994 Activités physiques - JO du s{sport} et de l'idéal {olympique}
0%
Aucun quiz correspondant
Distribution des résultats
% des personnes avec chaque résultat
Percentile par nombre de réponses
Votre historique - résultats
Vous n’avez pas pris ce quiz